| 000 | 10064nam a22007217a 4500 | ||
|---|---|---|---|
| 005 | 2009052605075.0 | ||
| 008 | 090526t xxu||||| |||| 00| 0 hin d | ||
| 010 | _aHIN-86601 | ||
| 020 |
_a9788121613477 _c195.00 |
||
| 035 | _aHN-58947 | ||
| 035 | _aB-353136-171 | ||
| 037 | _bDBAD / PUB | ||
| 037 | _bहिन्द पॉकेट बुक्स | ||
| 040 |
_adpl _bhn |
||
| 082 | _a230.3 | ||
| 100 | _aगुप्ता,राजीव आर. | ||
| 245 |
_aआध्यात्मिकता कोई रहस्य नहीं / _cराजीव आर. गुप्ता |
||
| 246 |
_aAadhyaatmiktaa koi rahasya nahin _bby Rajiv R.Gupta |
||
| 260 |
_aनई दिल्ली _bहिन्द पॉकेट बुक्स _c2009 |
||
| 270 |
_aजे-40, जोरबाग लेन, _bनई दिल्ली _e110003 |
||
| 300 |
_a259पृ. _c22सेमी (अजिल्द) |
||
| 650 | _aआध्यात्मिकता | ||
| 650 | _aSpritualism | ||
| 942 |
_2ddc _cHN _h230.3 _mगुप्तारा |
||
| 999 |
_c26798 _d26798 |
||